000 00283nam a22001337a 4500
008 181022b xxu||||| |||| 00| 0 eng d
020 _a9780764144646
041 _aeng
080 _a573
100 _a11
101 _aBIO
245 _aE-Z Biology
_cEdwards,G.I
942 _2udc
_cBK
999 _c50444
_d50444